000 00283nam a22001337a 4500
008 180302b xxu||||| |||| 00| 0 eng d
020 _a9780809467372
041 _aeng
080 _a61
100 _a4
101 _aSHM
245 _aThe medical advisor
_cBaum,N
942 _2udc
_cBK
999 _c43933
_d43933